Κατάλογος Βιβλιοθηκών Mediterranean College

Motor Learning and Control / Concepts and Applications: Seventh Edition (Record no. 5726)

MARC details
000 -LEADER
fixed length control field 01552cam a22002054a 4500
005 - ΗΜΕΡΟΜΗΝΙΑ ΚΑΙ ΩΡΑ ΤΕΛΕΥΤΑΙΑΣ ΕΝΗΜΕΡΩΣΗΣ
Πεδίο ελέγχου 20250605164220.0
008 - FIXED-LENGTH DATA ELEMENTS--GENERAL INFORMATION
Πεδίο ελέγχου σταθερού μήκους 250528s ||||||||||||||||||||||||d
035 ## - SYSTEM CONTROL NUMBER
System control number 20637
020 ## - ISBN
ISBN 72557222
040 ## - ΠΗΓΗ ΚΑΤΑΛΟΓΟΓΡΑΦΗΣΗΣ
Φορέας πρωτότυπης καταλογογράφησης MC Athens Campus Library
Γλώσσα καταλογογράφησης Ελληνικά, Μοντέρνα (1453-)
Modifying agency MC Athens Campus Library
Κανόνες περιγραφικής καταλογογράφησης AACR2
245 1# - ΤΙΤΛΟΣ ΚΑΙ ΔΗΛΩΣΗ ΥΠΕΥΘΥΝΟΤΗΤΑΣ
Τίτλος Motor Learning and Control / Concepts and Applications: Seventh Edition
250 ## - EDITION STATEMENT
Edition statement 7th
260 ## - PUBLICATION, DISTRIBUTION, ETC.
Name of publisher, distributor, etc. Mc Graw Hill Higher Education,
Date of publication, distribution, etc. 2004
300 ## - PHYSICAL DESCRIPTION
Extent 404
520 ## - SUMMARY, ETC.
Summary, etc. Need a solid foundation in motor skills? Whether you'll be working with elite athletes or patients in physical therapy, Motor Learning and Control will guide you through the concepts you need to understand and apply. Preface, Dedication, Introduction to Motor Skills and Abilities, The Classification of Motor Skills, The Measurements of Motor Performance, Motor Abilities, Introduction to Motor Control, Motor Control Theories, Performance Characteristics of Complex Skills, Proprioceptive and Vision, Action Preparation, Attention and Memory, Attention as a Limited Capacity Resource, Memory Components and Forgetting and Strategies, Introduction to Motor Skill Learning, Defining and Assessing Learning, The Stages of Learning, Transfer of Learning, Instruction and Augmented Feedback, Demonstration and Verbal Instructions, Augmented Feedback, Practice Conditions, Practice Variability, The Amount and Distribution of Practice, Whole and Part Practice, Mental Practice, References, Glossary, Name and Subject Index.
700 1# - ΠΡΟΣΘΕΤΗ ΑΝΑΓΡΑΦΗ--ΦΥΣΙΚΟ ΠΡΟΣΩΠΟ
Personal name Richard Magill
9 (RLIN) 4108
942 ## - ADDED ENTRY ELEMENTS (KOHA)
Koha item type Books
Holdings
Τύπος τεκμηρίου Βιβλιοθήκη Τρέχουσα τοποθεσία Barcode Αριθμός εισαγωγής Ημερομηνία απόκτησης Ταξιθετικό σύμβολο Αριθμός αντιτύπου Κατάσταση απόσυρσης Κατάσταση χαμένου Κατάσταση κατεστραμμένου Μη δανεισμός Σύνολο δανεισμών Ημερομηνία τελευταίας εμφάνισης Η τιμή ισχύει από
Books MC Athens Campus Library MC Athens Campus Library 9780000057259 7232 05/06/2025 152.3/34 MAG 1           05/06/2025 05/06/2025

MC Athens Campus Library
Πατησίων 94 & Κοδριγκτώνος 13, 104 34
Πελλήνης 8 & Πατησίων 107, 112 51
Τ: +30 210 8899600

MC Thessaloniki Campus Library
Ίωνος Δραγούμη 21, 54625 | Ίωνος Δραγούμη 15, 54625
Τ: +30 2310 287779 – Τ: +30 2314 440300